| 000 | 01220cam a2200265 4500 | ||
|---|---|---|---|
| 001 | ABS65973 | ||
| 008 | 020924n2002 000 0 eng u | ||
| 035 | _a(Sirsi) u119810 | ||
| 100 | _aEdwards, M | ||
| 245 | _aStick to the rules | ||
| 260 | _c2002 | ||
| 490 |
_aEstates Gazette _v(0230) 27 July 2002, 129(1) |
||
| 520 | _aExamines recent case "Coghurst Wood Leisure Park Ltd v SoS Local Government" where a failure to comply with the rules governing outline planning permission resulted in the loss of permission. Decided that it is not incumbent upon the authority to notify the applicant, under article 10, that the application is invalid. Concludes that considerable care is required when submitting details of reserved matters. | ||
| 590 | _aABS | ||
| 650 | _aTOWN AND COUNTRY PLANNING (GENERAL DEVELOPMENT PROCEDURE) ORDER 1995 | ||
| 650 | _aTOWN AND COUNTRY PLANNING ACT 1990 | ||
| 650 | _aCOGHURST WOOD LEISURE LTD V SOS LOCAL GOVERNMENT | ||
| 650 | _aR V REPROTECH (PEBSHAM) LTD EX P EAST SUSSEX CC | ||
| 650 | _aESTOPPEL | ||
| 650 | _aPLANNING PERMISSIONS | ||
| 650 | _aOUTLINE PLANNING PERMISSION | ||
| 650 | _aRESERVED MATTERS | ||
| 690 |
_aPlanning and development _96259 |
||
| 942 | _n0 | ||
| 999 |
_c71202 _d71202 |
||